000 00374nam a22001577a 4500
003 MPLRDC
005 20220104114732.0
008 210129b ||||| |||| 00| 0 eng d
082 _a857.48 XXS-6
100 _a不详
245 _a金瓶梅
_c
260 _a
_b钟文出版社
_c
300 _b
650 _a话本小说及章回--金瓶梅
942 _cBK
_o857.48 XXS-6
999 _c9817
_d9807